01205nam a2200241Ia 4500001000600000003000900006008004100015040001300056040001300069041001200082100001500094100002900109245003000138245003000168250001100198260001400209260001700223260004900240300004200289500057300331650002800904650003100932D4948IT-RoPAU130308s9999 xx 000 0 und d aIT-RoPAU cIT-RoPAU aINGLESE aKeane John gCodice Aut. SPICS: 38309 aMedia and Democracy (The) bMedia And Democracy (The) a2a ed. aCAMBRIDGE bPolity Press c1993 [1° Ed.:1991 - Ed.Ling.Originale:1991] a"216 p. (prefazione: 14; testo: 202)" aMass Media e Democrazia. Libertà di Stampa. Filosofia della Libertà di Stampa. Dispotismo. Deregolamentazione. Insuccessi del Mercato. Rapporto Tramedia e Democrazia. Libertà di Stampa messa in Pericolo nel Secolo Xx Dalle nuove forme di censura Statale, Emergenza delle concentrazioni dei Mediae la Loro Crescita. nuove tecnologie Digitali, Trasmissioni via satellite e Telecomunicazioni Favoriscono la Libertà e L'Uguaglianza dei Cittadini? Servizio Pubblico dei Media. mercato e Società Civile. Democrazia: rischi e Inversioni. Problemi dell'Informazione. aTEORICHE DEI MASS MEDIA eCodice materia Spics: 6105